Charlie Chaplin ou Charlie Kirk - Statistiques

Statistiques générales
  • Ce quiz a été pris 246 fois
  • Le résultat moyen est 8 sur 15
Statistiques - réponses
Question Réponse % Correct
Qui a dit "Si Jésus revenait aujourd’hui, il voterait républicain." Charlie Kirk
83%
S'est déguisé en dictateur moustachu Charlie Chaplin
81%
Je pense que le vrai problème de l’Amérique, c’est les profs de sociologie ! Charlie Kirk
76%
Qui a dit "Les gens riches sont opprimés dans ce pays." Charlie Kirk
74%
Qui a eu quatre mariages, avec une femme plus jeune à chaque fois? Charlie Chaplin
71%
J'ai fait pleurer le monde entier sans prononcer un seul mot. Charlie Chaplin
68%
Qui a dit "Le plus grand jour de ma vie ? Quand j’ai rencontré Oona. Elle avait 17 ans." Charlie Chaplin
53%
A été surveillé pour ses idées politiques Les deux
51%
Qui a utilisé son influence pour modeler la pensée d’une génération ? Les deux
51%
A épousé des femmes bien plus jeunes que lui Charlie Chaplin
47%
Je suis un mégalomane perfectionniste et un vrai cauchemar à diriger. Charlie Chaplin
42%
J'ai bâti ma carrière sur le contraste entre rire et colère du public ? Les deux
20%
Jouait au Baseball Les deux
16%
J'ai réussi à me faire haïr par la droite, puis par la gauche, selon la décennie. Les deux
15%
Je pense que les jeunes américains ne devraient pas trop écouter les médias Les deux
14%
Aucun quiz correspondant
Distribution des résultats
% des personnes avec chaque résultat
Percentile par nombre de réponses
Votre historique - résultats
Vous n’avez pas pris ce quiz